Elements of The Law of ontract : (Record no. 388)

MARC details
000 -LEADER
fixed length control field 00660nam a22001817a 4500
008 - FIXED-LENGTH DATA ELEMENTS--GENERAL INFORMATION
fixed length control field 110419t xxu||||| |||| 00| 0 eng d
020 ## - INTERNATIONAL STANDARD BOOK NUMBER
International Standard Book Number 997081105X
100 ## - MAIN ENTRY--PERSONAL NAME
Personal name Tuhumwire, M. I.
9 (RLIN) 1130
245 ## - TITLE STATEMENT
Title Elements of The Law of ontract :
Statement of responsibility, etc Tuhumwire, W.I /
250 ## - EDITION STATEMENT
Edition statement 1st ed.
260 ## - PUBLICATION, DISTRIBUTION, ETC. (IMPRINT)
Place of publication, distribution, etc Kampala:
Name of publisher, distributor, etc LDC
Date of publication, distribution, etc 1995.
300 ## - PHYSICAL DESCRIPTION
Extent v, 228p.;
Dimensions 30 cm.
942 ## - ADDED ENTRY ELEMENTS (KOHA)
Source of classification or shelving scheme Dewey Decimal Classification
Item type Books
Holdings
Withdrawn status Lost status Source of classification or shelving scheme Damaged status Not for loan Home library Current library Shelving location Date acquired Total Checkouts Barcode Date last seen Price effective from Koha item type
    Dewey Decimal Classification     Law Development Centre Main Library Law Development Centre Main Library Text Books and Laws 04/19/2011   0080 04/19/2011 04/19/2011 Books
    Dewey Decimal Classification     Law Development Centre Main Library Law Development Centre Main Library Text Books and Laws 04/19/2011   0081 04/19/2011 04/19/2011 Books
    Dewey Decimal Classification     Law Development Centre Main Library Law Development Centre Main Library Text Books and Laws 04/19/2011   0082 04/19/2011 04/19/2011 Books
    Dewey Decimal Classification     Law Development Centre Main Library Law Development Centre Main Library Text Books and Laws 04/19/2011   0083 04/19/2011 04/19/2011 Books